25 Plus grandes villes de France (avec une carte) - Statistiques

Statistiques générales
  • Ce quiz a été pris 253 fois
  • Le résultat moyen est 21 sur 25
Réponses sur la Carte
Les réponses sont colorées sur une échelle allant du rouge au vert en fonction du pourcentage des utilisateurs qui les ont devinées à leur premier essai. Vous pouvez retrouver ces pourcentages ci-dessous.
 
Statistiques - réponses
Population Ville % Correct
2,1 million Paris
100%
870 mille Marseille
99%
265 mille Bordeaux
98%
350 mille Nice
98%
290 mille Strasbourg
98%
240 mille Lille
97%
520 mille Lyon
97%
510 mille Toulouse
97%
325 mille Nantes
96%
140 mille Brest
94%
300 mille Montpellier
92%
230 mille Rennes
92%
160 mille Dijon
85%
160 mille Grenoble
85%
170 mille Le Havre
85%
170 mille Saint-Etienne
83%
180 mille Toulon
83%
150 mille Clermont-Ferrand
81%
160 mille Angers
78%
180 mille Reims
77%
150 mille Nîmes
67%
160 mille Villeurbanne
66%
150 mille Saint-Denis
65%
150 mille Le Mans
62%
150 mille Aix-en-Provence
58%
Aucun quiz correspondant
Distribution des résultats
% des personnes avec chaque résultat
Percentile par nombre de réponses
Votre historique - résultats
Vous n’avez pas pris ce quiz